|
|
|
|
| LEADER |
00000nab a2200000 a 4500 |
| 001 |
vtls009283107 |
| 003 |
SK-MaSNL |
| 005 |
20260304151725.0 |
| 008 |
250506c2008 xo |||||||||||000 b|slo |
| 015 |
|
|
|a SNBRB2008/04
|2 snkbucl
|
| 035 |
|
|
|a (uuid)22456902-ffb3-4861-8988-67ffafbdcd44
|
| 035 |
|
|
|a urn:nbn:sk:snk-abc3lp
|
| 035 |
|
|
|a (urnnbn)urn:nbn:sk:snk:ar-001inn
|
| 038 |
|
|
|a SNKBUCL
|
| 040 |
|
|
|a SNKBUCL
|b slo
|c SNKBUCL
|e AACR2
|
| 041 |
0 |
|
|a slo
|
| 044 |
|
|
|a xo
|c SK
|
| 080 |
|
|
|a 621.313.07:061.5
|2 2001
|
| 080 |
|
|
|a 62-83
|2 2001
|
| 100 |
1 |
|
|a Pastierovič, Mario
|4 aut
|9 1126448
|
| 245 |
1 |
0 |
|a Všetky typy so všetkými službami - pohony od ABB
|c Mario Pastierovič
|
| 300 |
|
|
|b Obr.
|
| 610 |
2 |
7 |
|a ABB
|2 snkbucl
|9 30587
|
| 650 |
0 |
7 |
|a elektrické pohony
|2 snkbucl
|9 50876
|
| 650 |
0 |
7 |
|a regulované elektrické pohony
|2 snkbucl
|9 74784
|
| 773 |
0 |
|
|t AT&P journal
|g Roč. XV, č. 2 (2008), s. 16-17
|x 1335-2237
|
| 850 |
|
|
|a Slovenská národná knižnica
|
| 852 |
|
|
|a Slovenská národná knižnica
|
| 954 |
|
|
|a odborná, vedecká literatúra pôvodná (slovenská)
|2 lita
|
| 958 |
|
|
|a article15
|
| 958 |
|
|
|a OND
|
| 958 |
|
|
|a EUIPO
|
| 999 |
|
|
|c 2945439
|d 2947369
|